La vida es otra cosa / (Registro nro. 7829)

Detalles MARC
000 -LIDER
fixed length control field 00888nam a2200277 a 4500
001 - NÚMERO DE CONTROL
Identificador de número de control 000041133
003 - IDENTIFICACDOR DE NÚMERO DE CONTROL
control field DO-SdBNP
005 - DATE AND TIME OF LATEST TRANSACTION
control field 20170929111907.0
007 - CAMPOS FIJOS DE DESCRIPCIÓN FÍSICA
fixed length control field 000041133
008 - ELEMENTOS DE LONGITUD FIJA
fixed length control field 160825b2006 do ||||g |||| 00| f spa d
020 ## - ISBN
International Standard Book Number 9945111507
040 ## - FUENTE DE CATALOGACIÓN
Agencia que crea de manera original el registro BPMSU
Idioma de catalogación spa
Agencia que realiza la transcripción BPMSU
082 #4 - NÚMERO DE CLASIFICACIÓN DECIMAL DE DEWEY
Classification number RD863.44
Item number M647v, 2009
100 1# - ASIENTO PRINCIPAL -- NOMBRE PERSONAL
Nombre personal Miller, Jeannette
Fechas asociadas con el nombre 1944-
245 13 - MENCIÓN DE TITULO
Título La vida es otra cosa /
Mención de responsabilidad Jeanntte Miller.
260 ## - PUBLICACIÓN, DISTRIBUCIÓN, ETC. (PIE DE IMPRENTA)
Lugar de publicación, distribución, etc Santo Domingo :
Nombre del editor, distribuidor, etc. Afaguara,
Fecha de publicación, distribución, etc 2006
300 ## - DESCRIPCIÓN FÍSICA
Extensión 238 p. ;
Dimensiones 24 cm.
500 ## - NOTA GENERAL
Nota general Incluye datos biográficos del autor en la solapa.
500 ## - NOTA GENERAL
Nota general La biblioteca posee la reimpresión del 2009
586 ## - AWARDS NOTE
Awards note Finalista Premio Internacional de Novela Casa de Teatro, 2005
650 ## - ENCABEZAMIENTO DE MATERIA--TEMÁTICO
Término temático o nombre geográfico como elemento de entrada NOVELA DOMINICANA
650 ## - ENCABEZAMIENTO DE MATERIA--TEMÁTICO
Término temático o nombre geográfico como elemento de entrada LITERATURA DOMINICANA
942 ## - ADDED ENTRY ELEMENTS (KOHA)
Source of classification or shelving scheme Dewey Decimal Classification
Koha item type Libros
945 ## - INFORMACIÓN DE PROCESAMIENTO LOCAL
Información de procesamiento local Título remanejado para BNPHU / 2017 VM
956 ## - LOCAL ELECTRONIC LOCATION AND ACCESS (OCLC)
Nombre de host VMATEO
Número de acceso 10
Información de compresión 20150508
Inicio de sesión BPMSU
Procesador de solicitud 00151
Existencias
Withdrawn status Lost status Source of classification or shelving scheme Damaged status Not for loan Collection code Home library Current library Date acquired Source of acquisition Total Checkouts Full call number Barcode Date last seen Price effective from Koha item type Copy number
    Dewey Decimal Classification       Biblioteca Pública Metropolitana Salomé Ureña Biblioteca Pública Metropolitana Salomé Ureña 05/08/2015 SELLAR   RD863.44 M647v, 2009 BPMSU15051618 05/08/2015 05/08/2015 Libros  
    Dewey Decimal Classification       Biblioteca Pública Metropolitana Salomé Ureña Biblioteca Pública Metropolitana Salomé Ureña 06/23/2015 SELLAR   RD863.44 M647v, 2009 BPMSU15060136 06/23/2015 06/23/2015 Libros ej. 2
    Dewey Decimal Classification       Biblioteca Pública Metropolitana Salomé Ureña Biblioteca Pública Metropolitana Salomé Ureña 08/29/2016 SELLAR   RD863.44 M647v, 2009 BPMET16080242 08/29/2016 08/29/2016 Libros ej. 3
    Dewey Decimal Classification     Colección Dominicana Biblioteca Pública Rafael Maria Baralt Biblioteca Pública Rafael Maria Baralt 10/29/2020     RD863.44 M647v, 2009 BPRMB20100007 10/29/2020 10/29/2020 Libros